Historias extraordinarias /

En la presente edición se ofrece el conjunto más representativo de sus 'Historias extraordinarias', con títulos tan importantes como 'La caída de la casa Usher', 'El retrato oval', 'El gato negro', 'Ligeia', 'El corazón delator', 'La barrica de amontillado' o el 'Doble asesinato en la calle Morgue'....

Full description

Bibliographic Details
Main Author: Poe, Edgar Allan 1809-1849
Format: Libro
Language:Spanish
Published: Madrid Akal 1997
Series:Akal bolsillo 152
Subjects:
Online Access:

MARC

LEADER 00000cam a2200000 a 4500
001 020967
003 UAHC_CL
005 20170803121934.0
008 020626b1997 sp 000 spa
020 |a 847600169X 
040 |a UAHC_CL  |c UAHC_CL  |d UAHC_CL 
100 1 |a Poe, Edgar Allan  |d 1809-1849 
245 1 0 |a Historias extraordinarias /  |c Edgard Allan Poe. 
260 |c 1997  |b Akal  |a Madrid 
300 |a 500 p. 
490 0 |a Akal bolsillo  |v 152 
520 |a En la presente edición se ofrece el conjunto más representativo de sus 'Historias extraordinarias', con títulos tan importantes como 'La caída de la casa Usher', 'El retrato oval', 'El gato negro', 'Ligeia', 'El corazón delator', 'La barrica de amontillado' o el 'Doble asesinato en la calle Morgue'. Precediendo el conjunto se ha incluido, además, un trabajo de Charles Baudelaire sobre la obra de Poe. 
650 4 |a LITERATURA ESTADOUNIDENSE 
650 4 |a CUENTOS  |z ESTADOS UNIDOS 
653 |a COMPLEMENTARIA 
900 |a 813 POEH 
942 |c BK 
952 |0 0  |1 0  |4 0  |6 813_000000000000000_POEH  |7 0  |8 General  |9 41820  |a BS  |b BS  |c General  |d 2017-08-03  |l 1  |o 813 POEH  |p 1347217  |r 2025-11-26 00:00:00  |s 2024-04-17  |t 1  |w 2017-08-03  |y BK 
952 |0 0  |1 0  |4 0  |6 813_000000000000000_POEH  |7 0  |8 General  |9 41821  |a BS  |b BS  |c General  |d 2017-08-03  |l 2  |o 813 POEH  |p 1353196  |r 2025-11-26 00:00:00  |s 2024-04-17  |t 2  |w 2017-08-03  |y BK 
952 |0 0  |1 0  |4 0  |6 813_000000000000000_POEH  |7 0  |8 General  |9 41822  |a BR  |b BR  |c General  |d 2017-08-03  |l 1  |o 813 POEH  |p 1353197  |r 2026-01-13 00:00:00  |s 2024-05-14  |t 3  |w 2017-08-03  |y BK 
952 |0 0  |1 0  |4 0  |6 813_000000000000000_POEH  |7 0  |8 General  |9 41823  |a BC  |b BC  |c General  |d 2017-08-03  |l 1  |o 813 POEH  |p 1353198  |r 2025-11-26 00:00:00  |s 2024-06-12  |t 4  |w 2017-08-03  |y BK 
999 |c 20967  |d 20967